000 00310nam a22001097a 4500
008 160512b xxu||||| |||| 00| 0 eng d
020 _a080890759
041 _aeng
080 _a616.12
245 _aHypertension mechanisms and management:
_cGaddo Onesti M.D; Kwan Eun Kim M.D;John H. Moyer M.D;
942 _2udc
_cBK
999 _c2100
_d2100